Statistics for Countries that end in a consonant

Click here to take the quiz!

General Stats

  • This quiz has been taken 83 times
  • The average score is 62 of 74

Answer Stats

Country% Correct
Afghanistan
93%
Finland
93%
Iceland
93%
Sweden
93%
Turkmenistan
93%
Brazil
92%
Ireland
92%
Japan
92%
Netherlands
92%
Oman
92%
United Kingdom
92%
Belgium
90%
Bhutan
90%
Spain
90%
Iran
89%
Iraq
89%
Luxembourg
89%
Poland
89%
Portugal
89%
Qatar
89%
Liechtenstein
87%
New Zealand
87%
Pakistan
87%
Tajikistan
87%
Vietnam
87%
Bangladesh
86%
Israel
86%
Kazakhstan
86%
Kyrgyzstan
86%
Switzerland
86%
Uzbekistan
86%
Chad
85%
Dominican Republic
85%
Egypt
85%
Philippines
85%
Yemen
85%
Azerbaijan
83%
Benin
83%
Jordan
83%
Senegal
83%
Sudan
83%
Bahrain
82%
Denmark
82%
Ecuador
82%
El Salvador
82%
Laos
82%
Madagascar
82%
Saint Kitts and Nevis
82%
Solomon Islands
82%
South Sudan
82%
Thailand
82%
Bahamas
80%
Belarus
80%
Honduras
80%
Marshall Islands
80%
Nepal
80%
Seychelles
80%
Central African Republic
79%
Czech Republic
79%
Gabon
79%
Barbados
77%
Saint Vincent and the Grenadines
77%
Cyprus
76%
Kuwait
76%
Lebanon
76%
Maldives
76%
Cameroon
75%
Comoros
75%
Niger
75%
United Arab Emirates
75%
Myanmar
70%
Mauritius
69%
Ivory Coast
66%
East Timor
62%

Score Distribution

Percentile by Number Answered

Percent of People with Each Score

Your Score History

You have not taken this quiz